000 00355 a2200169 4500
001 170682
020 _a85-281-0173-8
040 _cMagnum
100 _aRocha, Ruth
240 1 0 _aAtrás da porta
_lpor
245 1 0 _aAtrás da porta
300 _a30
362 0 _a1997
440 1 _aSalamandra
697 _aLITERATURA INFANTO-JUVENIL
942 _cBK
999 _c170682
_d170682